Národná identita ukrajinského obyvateľstva v kontexte politických zmien
Problematika národnej identity obyvateľov Ukrajiny. Hlavné postoje obyvateľov v otázkach národnej identity a poukázanie na ich vplyv na proces demokratickej konsolidácie, ako aj na zmeny postojov obyvateľov za posledné roky.
Enregistré dans:
| Auteur principal: | |
|---|---|
| Format: | Chapitre de livre |
| Langue: | slovaque |
| Sujets: | |
| Tags: |
Pas de tags, Soyez le premier à ajouter un tag!
|
MARC
| LEADER | 00000nla a2200000 4500 | ||
|---|---|---|---|
| 001 | 0229008 | ||
| 005 | 20240502073755.8 | ||
| 041 | 0 | |a slo | |
| 044 | |a SK | ||
| 245 | 1 | 0 | |a Národná identita ukrajinského obyvateľstva v kontexte politických zmien |c Tetyana Zubro |
| 520 | |a Problematika národnej identity obyvateľov Ukrajiny. Hlavné postoje obyvateľov v otázkach národnej identity a poukázanie na ich vplyv na proces demokratickej konsolidácie, ako aj na zmeny postojov obyvateľov za posledné roky. | ||
| 610 | 2 | 0 | |a národ |
| 610 | 2 | 0 | |a identita |
| 610 | 2 | 0 | |a obyvateľstvo |
| 610 | 2 | 0 | |a regióny |
| 610 | 2 | 0 | |a prieskum |
| 610 | 2 | 0 | |a Ukrajina |
| 100 | 1 | |a Zubro, Tetyana, 1975- | |